| 000 | 00785cab a2200241 4500 | ||
|---|---|---|---|
| 001 | WB2731-11 | ||
| 008 | 090401t1991 xxu||||| |||| 00| 0 eng d | ||
| 035 | _a(Sirsi) u56494 | ||
| 041 | _aeng | ||
| 245 | _aChange in asset valuations | ||
| 260 | _c1991 | ||
| 350 | _a0 | ||
| 490 |
_aEvening Standard _v1 August 1991, 27(1) |
||
| 520 | _aMembers of the British Property Federation are discussing whether to change the method for valuing assets, basing values on expected cash flow . | ||
| 650 | _aASSET VALUATION | ||
| 650 | _aCAPITAL AND COUNTIES | ||
| 650 | _aPROPERTY COMPANIES | ||
| 650 | _aPROPERTY INVESTMENT | ||
| 650 |
_aValuation _96273 |
||
| 690 | _aPROPERTY-COMMERCIAL PROPERTY-COMMERCIAL PROPERTY APPRAISAL AND VALUATION | ||
| 942 | _n0 | ||
| 948 | _c04/03/1997 | ||
| 999 |
_c34456 _d34456 |
||